00598 a2200169 450000500170000000800410001701000140005802000230007203500130009503700150010808200110012310000180013424501060015226000760025827000660033430000280040020080826112158.0080826t xxu||||| |||| 00| 0 eng d aENG-87158 a8179940284c275.00 aEN-70691 bDBAD / PUB a220.21 aKashyap, R.L. aDivinizing lifecby R.L. Kashyapbthe path of Atri Rishi: fifth mandala of Rig Veda - all 727 mantras aBangalorebSri Aurobindo Kapali Sastry Inst. of Vedic Litreraturec2004 a 63, 13th Main, 4th Block East, JayanagarbBangaloree560 011 axxi, 350p.c24cm (Hb )